000 00500cam a2200169 4500
001 D3545
008 090401t1982 xxu||||| |||| 00| 0 eng d
035 _a(Sirsi) u73712
041 _aeng
050 _a333.33
245 _aEstates Times review September 1982. Special feature: development opportunities. Docklands survey. Historic towns: Peterborough
260 _aLondon
_bMorgan-Grampian (Construction Press)
_c1982
300 _a86p. 28cm
350 _a2
942 _n0
948 _c04/03/1997
999 _c95684
_d95684